| 000 | 01352nab a22002657a 4500 | ||
|---|---|---|---|
| 999 |
_c5727 _d5727 |
||
| 003 | OSt | ||
| 005 | 20251231175631.0 | ||
| 008 | 190605e xxu||||| |||| 00| 0 spa d | ||
| 040 | _cPJ | ||
| 100 |
_91228 _aCarnota, Walter F. |
||
| 245 | 1 | 3 |
_aEl recurso extraordinario federal en materia previsional / _cWalter F. Carnota, Lucas De Venezia. |
| 260 |
_aCiudad Autónoma de Buenos Aires : _bThomson Reuters La Ley, _c2023. |
||
| 300 | _ap. 219 | ||
| 500 | _aCita: TR LALEY AR/DOC/933/2023. | ||
| 505 | _aSumario: I. Introducción: el contexto.— II. Historia y realidad. Las diversas vidas del recurso extraordinario previsional.— III. El necesario análisis procesal. Precisiones conceptuales.— IV. El recorrido jurisprudencial.— V. Recurso Extraordinario digital, su actualidad.— VI. Conclusiones. | ||
| 505 | _t¿Te interesa el texto completo? Solicitalo al correo: koha@justierradelfuego.gov.ar | ||
| 650 | 0 |
_91316 _aDERECHO LABORAL |
|
| 650 | 0 |
_91395 _aSEGURIDAD SOCIAL |
|
| 650 | 0 |
_92153 _aSISTEMA PREVISIONAL |
|
| 650 | 0 |
_92044 _aRECURSO EXTRAORDINARIO |
|
| 650 | 0 |
_9822 _aCORTE SUPREMA DE JUSTICIA DE LA NACION |
|
| 700 |
_96457 _aDe Venezia, Lucas _ecoautor |
||
| 773 | 0 |
_02711 _93168 _dCiudad Autónoma de Buenos Aires : Thomson Reuters La Ley, 1999-2002. _tRevista de derecho del trabajo. Nº 3 - Mayo 2023 |
|
| 942 |
_2udc _cANA |
||